000 00531nam a2200181Ia 4500
999 _c11132
_d11132
003 OSt
005 20191218153254.0
008 190216s9999||||xx |||||||||||||| ||und||
020 _a9789380618494
040 _coclc
082 _a330.9540532
_bDEE/I
100 _aDeepashree
_9530
245 0 _aIndian Economy Performance And Policies /
_cDeepashree
260 _bAne Books India,
_c2011.
_aNew Delhi:
300 _a481p
650 _aEconomics
942 _cBK
_2ddc
_h330.9540532
_iDEE/I
_k330.9540532
_mDEE/I